| 000 | 00357cam a2200145ua 4500 | ||
|---|---|---|---|
| 041 |
_amal _h |
||
| 082 |
_a894.812308 _bPAL/PA |
||
| 100 | _aPallath, . | ||
| 245 |
_aPanabala / _cPallath. _hTextual Documents |
||
| 260 |
_aQuilon : _bSree Rama Vilasam Press & Book Depot , _c1956. |
||
| 300 | _a111 ; . | ||
| 504 | _a | ||
| 942 | _cBK | ||
| 999 |
_c4568 _d4568 |
||